000 00387nam a2200145Ia 4500
008 100204s9999 xx 000 0 und d
082 _b3784
100 _aजोगळेकर योगिनी
245 _aशह
260 _b"उदयदीप प्रकाशन , मुंबई"
_c1980
300 _a220
630 _aशह
730 _aशह
942 _cBOOK
999 _c448677
_d448674